I am (Record no. 561)

MARC details
000 -LEADER
fixed length control field 02897cgm a2200529Ia 4500
003 - CONTROL NUMBER IDENTIFIER
control field data
005 - DATE AND TIME OF LATEST TRANSACTION
control field 20260322212025.0
007 - PHYSICAL DESCRIPTION FIXED FIELD--GENERAL INFORMATION
fixed length control field data
008 - FIXED-LENGTH DATA ELEMENTS--GENERAL INFORMATION
fixed length control field data
020 ## - INTERNATIONAL STANDARD BOOK NUMBER
International Standard Book Number 9780766257375
020 ## - INTERNATIONAL STANDARD BOOK NUMBER
International Standard Book Number 0766257371
024 1# - OTHER STANDARD IDENTIFIER
Standard number or code 018713588760
028 42 - PUBLISHER OR DISTRIBUTOR NUMBER
Publisher or distributor number 05-58876
Source Gaiam
037 ## - SOURCE OF ACQUISITION
Source of stock number/acquisition Midwest Tape
Note http://www.midwesttapes.com
040 ## - CATALOGING SOURCE
Original cataloging agency TEFMT
Transcribing agency TEFMT
Modifying agency OTC
-- TEF
-- IXA
-- YDXCP
-- TXI
-- VP@
-- OTC
050 #4 - LIBRARY OF CONGRESS CALL NUMBER
Classification number BJ1595
Item number .I15 2011
082 04 - DEWEY DECIMAL CLASSIFICATION NUMBER
Classification number 170.44
Edition information 23
090 ## - LOCALLY ASSIGNED LC-TYPE CALL NUMBER (OCLC); LOCAL CALL NUMBER (RLIN)
Classification number (OCLC) (R) ; Classification number, CALL (RLIN) (NR) DVD 170.44 A4
001 - CONTROL NUMBER
control field data
245 10 - TITLE STATEMENT
Title I am
Medium [videorecording] /
Statement of responsibility, etc. Tom Shadyac ... [et al.].
260 ## - PUBLICATION, DISTRIBUTION, ETC.
Place of publication, distribution, etc. Louisville, CO :
Name of publisher, distributor, etc. Distributed by Gaiam Americas, Inc.,
Place of publication, distribution, etc. Louisville, CO :
Name of publisher, distributor, etc. Distributed by Gaiam Americas, Inc.,
Date of publication, distribution, etc. c2011.
300 ## - PHYSICAL DESCRIPTION
Extent 1 videodisc (ca. 78 min.) :
Other physical details sd., col. ;
Dimensions 4 3/4 in.
500 ## - GENERAL NOTE
General note Originally produced as a documentary in 2010.
508 ## - CREATION/PRODUCTION CREDITS NOTE
Creation/production credits note Editor, Jennifer Abbott ; director of photography, Roko Belic.
511 0# - PARTICIPANT OR PERFORMER NOTE
Participant or performer note Narrator, Tom Shadyac; commentators Ray Anderson, Marc Ian Barasch, Coleman Barks, Noam Chomsky, John Francis, Thom Hartmann, Dacher Keltner, Rollin McCraty, Chris Jordan, Lynne McTaggart, Daniel Quinn, Dean Radin, Elisabet Sahtouris, Marilyn Schlitz, Richard Shadyac, David Suzuki, Desmond Tutu, Howard Zinn.
520 ## - SUMMARY, ETC.
Summary, etc. Don't know who Tom Shadyac is? As a writer and a director, Shadyac first unleashed Ace Ventura: Pet Detective and The Nutty Professor remake on the world, and then a string of film fiascoes, but that's all behind him now. A bike accident left him with a host of debilitating maladies and brought him to the verge of suicide, so he took stock of his life and set out on a quest to answer some of life's greatest questions. What's wrong with the world? How do we go about fixing it? Is the fundamental nature of man essentially benevolent or cruel? So he traveled around, enlisting the aid of what he calls "significant minds" --journalists, scientists, spiritual leaders, scholars--to understand life's essential questions. "I Am" is his documentary about this quest.
538 ## - SYSTEM DETAILS NOTE
System details note DVD; Region 1, NTSC; Dolby digital stereo; anamorphic 16:9 widescreen presentation.
600 10 - SUBJECT ADDED ENTRY--PERSONAL NAME
Personal name Shadyac, Tom
General subdivision Philosophy.
650 #0 - SUBJECT ADDED ENTRY--TOPICAL TERM
Topical term or geographic name entry element Conduct of life.
650 #0 - SUBJECT ADDED ENTRY--TOPICAL TERM
Topical term or geographic name entry element Philosophy.
650 #0 - SUBJECT ADDED ENTRY--TOPICAL TERM
Topical term or geographic name entry element Motion picture producers and directors
Form subdivision Biography.
655 #7 - INDEX TERM--GENRE/FORM
Genre/form data or focus term Documentary films.
Source of term lcgft.
655 #7 - INDEX TERM--GENRE/FORM
Genre/form data or focus term Nonfiction films.
Source of term lcgft.
655 #7 - INDEX TERM--GENRE/FORM
Genre/form data or focus term Feature films.
Source of term lcgft.
655 #7 - INDEX TERM--GENRE/FORM
Genre/form data or focus term Feature films
Geographic subdivision United States.
Source of term local.
700 1# - ADDED ENTRY--PERSONAL NAME
Personal name Shadyac, Tom.
Relationship drt.
-- drt.
700 1# - ADDED ENTRY--PERSONAL NAME
Personal name Handy, Dagan.
Relationship pro.
700 1# - ADDED ENTRY--PERSONAL NAME
Personal name Watson, Jonathan.
Relationship pro.
700 1# - ADDED ENTRY--PERSONAL NAME
Personal name Abbott, Jennifer.
Relationship pro.
700 1# - ADDED ENTRY--PERSONAL NAME
Personal name Suzuki, David T.,
Dates associated with a name 1936-
Relationship ive.
700 1# - ADDED ENTRY--PERSONAL NAME
Personal name Zinn, Howard,
Dates associated with a name 1922-2010.
Relationship ive.
700 1# - ADDED ENTRY--PERSONAL NAME
Personal name Tutu, Desmond.
Relationship ive.
710 2# - ADDED ENTRY--CORPORATE NAME
Corporate name or jurisdiction name as entry element Shady Acres (Firm)
710 2# - ADDED ENTRY--CORPORATE NAME
Corporate name or jurisdiction name as entry element Flying Eye Productions.
710 2# - ADDED ENTRY--CORPORATE NAME
Corporate name or jurisdiction name as entry element Homemade Canvas Productions.
710 2# - ADDED ENTRY--CORPORATE NAME
Corporate name or jurisdiction name as entry element Gaiam Americas, Inc.
Holdings
Withdrawn status Lost status Damaged status Not for loan Home library Current library Shelving location Date acquired Total checkouts Full call number Barcode Date last seen Price effective from Koha item type
        Centerville Centerville General stacks 22/03/2026   170.44 23 BC0010574 22/03/2026 22/03/2026 Books